| 000 | 00735nam a2200205 i 4500 | ||
|---|---|---|---|
| 001 | 100938 | ||
| 003 | ES-MaACL | ||
| 005 | 20250604062626.0 | ||
| 007 | t| | ||
| 008 | 051010s1913 sp |||| | fre d | ||
| 245 | 0 | 0 |
_aMaura et son role á la politique de l'Espagne / _cexpositión documentée des idees et de l'oeuvre du chef conservateur par un observateur impartial. |
| 250 | _aEd. Française. | ||
| 260 |
_aMadrid : _b[s.n.], _c1913 ( _fImp. Alemana) |
||
| 300 |
_a34 p. ; _c21 cm. |
||
| 600 | 1 | 4 |
_aMaura y Montaner, Antonio, _d1853-1925 _979224 |
| 650 | 4 |
_aConservadurismo- _zEspaña- _yS.XX. _911287 |
|
| 651 | 4 |
_aEspaña- _xHistoria- _y1902-1931, Alfonso XIII _98276 |
|
| 852 |
_aES-MaACL _jT-1427-F-6 |
||
| 999 |
_c100938 _d100938 |
||